| 000 | 00873nas a2200277 4500 | ||
|---|---|---|---|
| 001 | BR9204639 | ||
| 003 | BR-BrBNA | ||
| 005 | 20231205092746.0 | ||
| 007 | ta | ||
| 008 | 230509b bl.|||p| |||| 00| 00por d | ||
| 040 |
_aBR-BrBNA _bpor _cBiblioteca Nacional de Agricultura |
||
| 041 | _a(Pt) | ||
| 072 | _aH20 | ||
| 100 | 1 | _aRibeiro, R. de L.D. | |
| 100 | 1 | _aAlmeida, O.C. de | |
| 100 | 1 | _aRibeiro, M.I.S.D. | |
| 100 | 1 | _aOliveira, G.H.N. de | |
| 100 | 1 | _aVasconcelos, H. de O. | |
| 245 | 1 | _aComportamento de clones de batata-doce em relacao a murcha fusariana | |
| 650 | _aBATATA DOCE | ||
| 650 | _aFUSARIOSE | ||
| 650 | _aVARIEDADE RESISTENTE | ||
| 773 | 0 |
_tArquivos da Universidade Federal Rural do Rio de Janeiro (Brazil) _xISSN 0100-2481 _g(Jan-Jun 1983), v. 6(1) p. 65-70 _wBR9204639 |
|
| 909 |
_a202311 _bLúcia _c55 _dLúcia Elande |
||
| 942 |
_2AGRIS _n0 _cANA |
||
| 999 |
_c133965 _d133965 |
||